| 000 | 00486nam a2200181Ia 4500 | ||
|---|---|---|---|
| 003 | GCL | ||
| 008 | 140319s9999 xx 000 0 ara d | ||
| 040 |
_aGCL / _cGCL |
||
| 082 | 0 | 4 |
_a301.154 _bح ن |
| 100 | 1 | _aحميدة سميسم | |
| 245 | 1 | 0 |
_aنظرية الراى العام : مدخل / _cحميدة سميسم |
| 300 | _a356 ص | ||
| 490 | _a | ||
| 650 | 0 | 4 | _aالاعلام |
| 650 | 0 | 4 | _aالوعى الاجتماعى |
| 650 | 0 | 4 | _aالراى العام |
| 942 |
_2ddc _cBK |
||
| 999 |
_c48351 _d48351 |
||